000
00258nam a22001217a 4500
008
190227b xxu||||| |||| 00| 0 eng d
041
_a
eng
080
_a
573
100
_a
11
101
_a
BIO
245
_a
The Lives of a Cell
_c
Thomas,L
942
_2
udc
_c
BK
999
_c
54337
_d
54337